Global Leadership and Global Competency

Salvato in:
Dettagli Bibliografici
Autore principale: Némethová, Ildikó, 1974-
Natura: Capitolo di libro
Lingua:inglese
Soggetti:
Tags: Aggiungi Tag
Nessun Tag, puoi essere il primo ad aggiungerne!!

MARC

LEADER 00000nla a2200000 4500
001 0241335
005 20240502073929.1
041 0 |a eng 
044 |a SK 
245 1 0 |a Global Leadership and Global Competency  |c Ildikó Némethová 
610 2 0 |a manažéri 
610 2 0 |a lídri 
610 2 0 |a manažment 
610 2 0 |a riadenie 
610 2 0 |a kompetencie manažérske 
610 2 0 |a globalizácia 
100 1 |a Némethová, Ildikó, 1974-